#1 La réponse est en 4 lettres [Géo] - Statistiques

Statistiques générales
  • Ce quiz a été pris 79 fois
    43 depuis la dernière actualisation
  • Le résultat moyen est 10 sur 15
Statistiques - réponses
Hint Réponse % Correct
Colline sédimentaire porté par les vents, souvent situé sur les littoraux et déserts Dune
89%
Pays d'Afrique ayant pour capitale Bamako Mali
89%
Le volcan le plus actif d'Europe Etna
84%
Ville anglaise donnant naissance au nom d'une célèbre ville américaine York
79%
Ancien peuple d'asie centrale, fut dirigé par Attila Huns
76%
Mer séparant l'Asie de l'Europe, je suis également un personnage mythologique Égée
74%
Plus grand désert d'Asie Gobi
74%
Pays de la baie des cochons Cuba
68%
Plus haute montagne de l'île d'Honshu considéré comme sacré Fuji
66%
Grande ville de l'europe de l'est traversée par le fleuve Dniepr Kiev
66%
Grande ville suisse partageant son aéroport avec la France et l'Allemagne Bâle
58%
Île où a été exclu Napoléon en 1814 Elbe
58%
Île la plus peuplé d'indonesie Java
53%
Célèbre point fictif situé dans l'océan pacifique Nemo
16%
Singulier d'Inuit Inuk
0%
Aucun quiz correspondant
Distribution des résultats
% des personnes avec chaque résultat
Percentile par nombre de réponses
Votre historique - résultats
Vous n’avez pas pris ce quiz depuis la dernière actualisation